The Eastern schism : a study of the papacy and the Eastern Churches during the XIth and XIIth centuries /

محفوظ في:

المؤلف الرئيسي: Runciman, Steven, 1903-2000 (مؤلف)

التنسيق: كتاب

اللغة: English

منشور في: Oxford : Clarendon Press, 1955.

الموضوعات:

الوسوم: إضافة وسم

لا توجد وسوم, كن أول من يضع وسما على هذه التسجيلة!

رقم الطلب: BX303 .R8 1955

LEADER 00730nam a2200229u 4500
001 349
003 OSt
005 20251102085737.0
008 130303s1955 enk b 000 0 eng d
010 |a a 56004049 
035 |a rdb03183444 
040 |c ARCE Library 
050 4 |a BX303 .R8 1955 
100 1 |a Runciman, Steven,  |d 1903-2000,  |e author  |9 38786 
245 1 4 |a The Eastern schism :   |b a study of the papacy and the Eastern Churches during the XIth and XIIth centuries /   |c [by] Steven Runciman. 
264 1 |a Oxford :  |b Clarendon Press,  |c 1955. 
300 |a vii, 189 pages ;  |c 23 cm. 
504 |a Bibliography : pages [171]-181. 
650 0 |a Schism  |x Eastern and Western Church. 
901 |a reviewed 
942 |c BK  |2 lcc 
999 |c 531  |d 531